| 000 | 00529nam a22002177a 4500 | ||
|---|---|---|---|
| 003 | Nust | ||
| 005 | 20211013113911.0 | ||
| 008 | 170112b xxu||||| |||| 00| 0 eng d | ||
| 020 | _a9780074637364 | ||
| 038 | _aKhadija | ||
| 040 | _cc | ||
| 082 |
_a621 _bMIL |
||
| 100 |
_aMillman, Jacob _941595 |
||
| 245 |
_aMicro-electronics / _cJacob Millman, Arvin Grabel |
||
| 250 | _a2nd ed. | ||
| 260 |
_aNew Delhi: _bMcGraw-Hill; _c2008. |
||
| 300 |
_a1001p:, _b24 cm. |
||
| 500 | _apaperback. | ||
| 563 | _aPB | ||
| 942 |
_cBK _2ddc |
||
| 999 |
_c31946 _d31946 |
||